Lattice defects in semiconductors 1974 : Invited and contributed papers from the International conference on Lattice defects in semiconductors held in Freiburg 22.- 23. July 1974
Salvato in:
| Natura: | Libro |
|---|---|
| Lingua: | inglese |
| Pubblicazione: |
London :
Institute of Physics Publishing,
1975
|
| Tags: |
Nessun Tag, puoi essere il primo ad aggiungerne!!
|
MARC
| LEADER | 00000nam a22000003a 4500 | ||
|---|---|---|---|
| 001 | stu202546 | ||
| 005 | 20150408174756.9 | ||
| 008 | 100420s1975----uk------------------eng-d | ||
| 040 | |a STU |b slo | ||
| 041 | 0 | |a eng | |
| 044 | |a uk | ||
| 080 | |a 621.382 | ||
| 080 | |a 061.3(038) |7 stu_us_auth*stu8361 | ||
| 245 | |a Lattice defects in semiconductors 1974 : |b Invited and contributed papers from the International conference on Lattice defects in semiconductors held in Freiburg 22.- 23. July 1974 | ||
| 260 | |a London : |b Institute of Physics Publishing, |c 1975 | ||
| 300 | |a 12, 599 s | ||
| 996 | |b E36305 |c E*36305 |l EE11 |s P |a 0 |w stu202546_0001 | ||